00493 a2200169 4500003000400000005001700004008004100021020002000062020001800082040000900100082002000109100002100129245010000150250001200250260004500262300001600307OSt20231215131216.0231215b |||||||| |||| 00| 0 eng d a97893 84638 566 a9789384638559 coclc a894.8124bGRA/J aGramsci, Antonio aJail Kurippukal = Prison Notebook , Rashtreeya rachanakal = Political essays /cAntonio Gramsci a1st ed. aKozhikode:bProgress Publication,c2017. a774p., 682p